Russia's borders by area, China's borders by population - Statistics

General Stats
  • This quiz has been taken 37 times
  • The average score is 23 of 28
Answer Stats
Borders Country % Correct
Bordering Russia by Area China
100%
Bordering China by Population India
94%
Bordering Russia by Area Kazakhstan
94%
Bordering Russia by Area Mongolia
94%
Bordering Russia by Area Ukraine
94%
Bordering China by Population Pakistan
90%
Bordering China by Population Vietnam
87%
Bordering Russia by Area Azerbaijan
84%
Bordering Russia by Area Belarus
84%
Bordering Russia by Area Estonia
84%
Bordering Russia by Area Finland
84%
Bordering Russia by Area Georgia
84%
Bordering Russia by Area Latvia
84%
Bordering Russia by Area Lithuania
84%
Bordering Russia by Area Norway
84%
Bordering China by Population Russia
84%
Bordering China by Population Myanmar
81%
Bordering Russia by Area North Korea
81%
Bordering Russia by Area Poland
81%
Bordering China by Population Nepal
77%
Bordering China by Population Afghanistan
74%
Bordering China by Population Bhutan
74%
Bordering China by Population Kyrgyzstan
74%
Bordering China by Population Mongolia
74%
Bordering China by Population Kazakhstan
71%
Bordering China by Population Tajikistan
71%
Bordering China by Population Laos
68%
Bordering China by Population North Korea
68%
No matching quizzes found
Score Distribution
Percent of People with Each Score
Percentile by Number Answered
Your Score History
You have not taken this quiz